00521nam a2200145Ia 4500008004100000020001800041082001400059100002700073245008000100260001300180500002900193942000700222952013100229999001500360260604s9999 xx 000 0 und d a9783030834258 a332.4 GLA aGLASNER [DAVID]935520 0aSTUDIES IN THE HISTORY OF MONETARY THEORY: CONTROVERSIES AND CLARIFICATIONS bSPRINGER aEconomy, Monetary Theory cBK 00104070aIIMVbIIMVcLOCKERd2026-06-04g11304.77l0o332.4 GLAp003959r2026-06-04 10:19:52v11304.77w2026-06-04yBKBGLA c8341d8341